000 00908nam a22002777a 4500
003 CHAP
005 20220329133829.0
008 971013s1985 r 00010 d
010 _a11512
011 _a12484
035 _a15670
040 _cCHAP
082 _a633.85
_bN3
110 _aNational Research Council. Washington. Subcommittee on Swine Nutrition
_980375
245 _aJojoba
_b: new crop for arid lands, new raw material for industry
260 _aWashington :
_bNational Academy Press,
_c1985
300 _a102 p.
_b: ilus. gráfs.
500 _aD14-105
590 _aBATCH-UPD
_b10
_c20130110
_lUCH01
_h1455
590 _aCONVERSION
_b10
_c20130109
_lUCH01
_h1308
650 1 4 _aJojoba.
_961935
901 _aBK
942 _cLIBRO
949 _a633.85 N3
_bBC
_cLIBRO
_d33724000200002
_eLIBRO
_h72018
_i15670
_mD
_si
949 _a633.85 N3
_bBC
_cLIBRO
_d33724000200010
_eLIBRO
_fc.2
_h80984
_i15670
_si
999 _c11512
_d11512